00591nam a22002177a 450000500170000000800410001702000180005804000070007604100120008308200240009510000280011924500260014726000370017330000290021036500600023965000170029965000100031665000080032670000190033470000200035320230426102711.0230426b ||||| |||| 00| 0 eng d a9788195880850 cAL aEnglish 223a321.80954bHANC aV Basil Hans and others aConstitution of India aMangalorebUnited agenciesc2023 avi,137 p.bPBc13x21 cm. 2generala644b₹96.00c₹d₹120.00e20%f25-04-2023 aConstitution aIndia aNEP aHANS (V Basil) aHEGDE (Shakila)